000 00520nam a2200193Ia 4500
999 _c30010
_d30010
003 OSt
005 20210106105102.0
008 190216s9999||||xx |||||||||||||| ||und||
020 _a9798188013233
040 _coclc
082 _a894.8122
_bSAS/A
100 _aSasidharan, N
_95070
245 0 _aAdukkala /
_cN Sasidharan
250 _a2nd Ed.
260 _bLipi Publications,
_c2011.
_aKozhikode:
300 _a72p
650 _aNadakam
942 _cBK
_2ddc
_h894.8122
_iSAS/A
_k894.8122
_mSAS/A